000 00430nam a2200181Ia 4500
001 25428
005 20260414151149.0
008 260414t2007||||xx |||||||||||||| ||spa||
041 _aESP
082 _a346.5
_bP668
100 _aPothier, Robert Joseph
_eAUT
245 0 _aTratado de las obligaciones
_b
260 _c2007
300 _a543 páginas :
_c23 cm.
650 _aDER
654 _aCDE
942 _cLIB
_dJUS
_fJUS
_2ddc
_n
999 _c25428
_d25428